000 00309nam a2200109Ia 4500
008 160531s9999 xx 000 0 und d
100 _aNtuli, Tobias M.
245 _aApoptosis and Medicine
245 _cby Tobias M. Ntuli
260 _c2012
856 _uhttp://www.intechopen.com/books/apoptosis-and-medicine
999 _c295475
_d295475